00921nam a2200265 i 4500001000300000100001900003245013200022246002900154260003500183300002100218490002800239500003300267504001200300650005300312650003000365700003400395830002800429020001500457040000800472041001100480080001300491080001200504008004100516856009800557bg1 aAhlt, Michael.10aPrawo europejskie /cMichael Ahlt ; red. i konsultacja nauk. wyd. pol. Jerzy A. Wojciechowski ; [tł. z niem. Anna Rubinowicz].1 iTyt. oryg.:aEuroparecht aWarszawa :bC. H. Beck,c1996. a228 s. ;c21 cm.1 aPodręczniki Prawnicze aOryg. : [Europarecht, 1993]. aIndeks. 4aPrawo wspólnotowe europejskieystan na 1995 r. 4aPodręczniki akademickie1 aWojciechowski, Jerzy A.eRed. aPodręczniki Prawnicze a8371100620 cBPK1 aplhde a34(4-67) a(075.8) s pl f |000 0 pol  uhttp://koha.tu.koszalin.pl/cgi-bin/koha/opac-detail.pl?biblionumber=32303yKatalog online BPK